00412nam a2200109Ia 4500008004100000020001800041050002600059100003400085245009400119260007400213300001500287120626s9999 xx 000 0 und d a968-16-5033-6 aPQ7297 G283bA16 1997 aGarcía Terres, Jaimeeautor aEl teatro de los acontecimientosc/ Jaime, García Terrés : compilador Rafaél Vargas aMéxicob: El Colegio Nacional, Fondo de Cultura Económicac, 1997 a865 pág.